00886nam a2200265 a 450000100060000000300080000600500170001400800410003102000150007202000220008703500190010904000270012804100080015508200240016310000280018724500490021526000660026430000260033050400510035665000250040765000200043294200120045299900170046495201390048156617BD-RjUL20211209080421.0161203r19841981nyu b 001 0 eng  a0521230357 a0521297761 (pbk.) a(BD-RjUL)56741 aDLCcDLCdBD-RjULbeng aeng a149.7223bPUR 19841 aPutnam, Hilary.916841010aReason, truth, and history /cHilary Putnam. aNew York :bCambridge University Press,c1981[Reprinted 1984] axii, 222 p. ;c22 cm. aIncludes bibliographical references and index. 0aRationalism.9128392 0aValues.9132679 2ddccBK c56617d56617 00102ddc40718NFICaRUCLbRUCLcReadingd1986-01-02eKamala Bookg5.50l0o149.7 PUR 1984r2016-12-03 00:00:00tC-1w2021-12-09yBK